US Cities between 300,000 & 399,999 Quiz Stats

 Plays Quiz not verified by Sporcle

Support Sporcle.
Go Orange.
Score 0/16 Timer 06:00
0 Plays Today
population % Correct
311,647Pittsburgh
82.9%
356,587St. Louis
82.4%
343,890Tampa
80.4%
333,012Cincinnati
79.2%
354,850New Orleans
75.9%
380,085Arlington
75.1%
385,378Minneapolis
74.7%
389,625Tulsa
73.9%
population % Correct
337,896Anaheim
71%
324,463Bakersfield
71%
372,186Wichita
69.8%
399,827Colorado Springs
68.6%
340,338Santa Ana
67.8%
374,658Honolulu
61.6%
316,179Toledo
59.2%
323,348Aurora
56.7%

You're not logged in!

Compare scores with friends on all Sporcle quizzes.
OR
Log In

From the Vault

Stuck in the Middle with 'M'

by MrChewypoo

Hey, at least it's better than being stuck with just 'U.'
Remove Ads.
Support Sporcle.
Get the best of Sporcle when you Go Orange. This ad-free experience offers more features, more stats, and more fun while also helping to support Sporcle. Thank you for becoming a member.

Show Comments

Extras

Top Quizzes Today


Score Distribution

Your Account Isn't Verified!

In order to create a playlist on Sporcle, you need to verify the email address you used during registration. Go to your Sporcle Settings to finish the process.

Report this User

Report this user for behavior that violates our Community Guidelines.

Details: